000 01749cam a22003251i 4500
003 SA-RiAUC
005 20241223082717.0
008 241221s1982 ua g b 00000 ara c
040 _aSA-JeALM
_bara
_cSA-RiAUC
_erda
050 4 _bA99 1982
082 0 4 _a235
_qSA-RiAUC
090 _a235
_bع ز ا
100 1 _aالعزامي، خليل إبراهيم ملا خاطر،
_d1357 هجري-
_eمؤلف.
245 1 0 _aمكانة الصحيحين /
_cتأليف خليل إبراهيم ملا خاطر.
250 _aالطبعة الأولى.
264 3 _aالقاهرة :
_bالمطبعة العربية الحديثة
_c1982
300 _a544 صفحة ؛
_c24 سم
336 _aنص
_btxt
_2rdacontent
_3كتاب
337 _aبدون وسيط
_bn
_2rdamedia
338 _aمجلد
_bnc
_2rdacarrier
504 _aيشتمل على إرجاعات ببليوجرافية.
650 7 _aالحديث
_xالإسناد الصحيح
_2aucsh
650 7 _aالحديث
_xصحيح البخاري
_2aucsh
650 7 _aالحديث
_xصحيح مسلم
_2aucsh
650 7 _aالحديث
_xالكتب الستة
_2aucsh
700 1 2 _iشرح لـ (عمل) :
_aالبخاري، محمد بن إسماعيل بن إبراهيم،
_d194-256 هجري.
_tالجامع الصحيح المسند المختصر من حديث رسول الله صلى الله عليه وسلم وسننه وأيامه
700 1 2 _iشرح لـ (عمل) :
_aالإمام مسلم، مسلم بن الحجاج بن مسلم،
_d204-261 هجري.
_tالمسند الصحيح المختصر من السنن بنقل العدل عن العدل عن رسول الله صلى الله عليه وسلم
942 _2ddc
_cBOOK
_n0
949 _aSA-JeALM
_d241221
_umohamedma123
_n1
999 _c3826
_d3826